| Tag |
First Indicator |
Second Indicator |
Subfields |
| LEADER |
00000cam a2200000 a 4500 |
| 001 |
in00000393021 |
| 005 |
20151011114904.0 |
| 008 |
831025s1984 caua b 00010 eng |
| 010 |
|
|
|a 83082787
|
| 020 |
|
|
|a 091405502X (pbk.)
|
| 035 |
|
|
|a (OCoLC)11209511
|
| 035 |
|
|
|9 ABS0949AM
|
| 039 |
0 |
|
|a 2
|b 3
|c 3
|d 3
|e 3
|
| 040 |
|
|
|a DLC
|c DLC
|d TXA
|d UtOrBLW
|
| 049 |
|
|
|a TXAM
|c [A08646140]
|
| 050 |
0 |
0 |
|a TC409
|b .H77 1984
|
| 082 |
0 |
|
|a 628/.212/02854
|2 19
|
| 100 |
1 |
|
|a Hromadka, Theodore V.
|
| 245 |
1 |
0 |
|a Computer methods in urban watershed hydraulics /
|c Theodore V. Hromadka II, James M. Clements, Harsh Saluja.
|
| 250 |
|
|
|a 1st Lighthouse Publications ed.
|
| 264 |
|
1 |
|a Mission Viejo, CA :
|b Lighthouse Publications,
|c [1984]
|
| 264 |
|
4 |
|c ©1984
|
| 300 |
|
|
|a xii, 278 pages :
|b illustrations ;
|c 26 cm.
|
| 336 |
|
|
|a text
|b txt
|2 rdacontent
|
| 337 |
|
|
|a unmediated
|b n
|2 rdamedia
|
| 338 |
|
|
|a volume
|b nc
|2 rdacarrier
|
| 504 |
|
|
|a Includes bibliographies.
|
| 650 |
|
0 |
|a Urban hydrology
|x Data processing.
|
| 650 |
|
0 |
|a Watersheds
|x Data processing.
|
| 700 |
1 |
|
|a Clements, James M.
|
| 700 |
1 |
|
|a Saluja, Harsh.
|
| 999 |
|
|
|a MARS
|
| 999 |
f |
f |
|s 4da4be22-d026-3aee-ad66-08a9fa6c67db
|i 3af06ad4-03c6-3c9c-a590-d7387def1f29
|t 0
|
| 952 |
f |
f |
|p ric
|a Texas A&M University
|b Rellis Campus
|c Joint Library Facility
|d Remote Storage
|t 0
|e TC409 .H77 1984
|h Library of Congress classification
|i unmediated -- volume
|m A14808646140
|
| 998 |
f |
f |
|a TC409 .H77 1984
|t 0
|l Remote Storage
|